| 000 | 00887cam a22002894a 4500 | ||
|---|---|---|---|
| 005 | 20260322212012.0 | ||
| 008 | data | ||
| 010 | _a 2004051135 | ||
| 020 | _a0674015061 (alk. paper) | ||
| 020 | _a9780674015067 (alk. paper) | ||
| 040 |
_aDLC _cDLC _dC#P |
||
| 042 | _apcc | ||
| 043 | _an-us--- | ||
| 049 | _aYUSS | ||
| 050 | 0 | 0 |
_aHV2545 _b.P35 2005 |
| 100 | 1 | _aPadden, Carol. | |
| 245 | 1 | 0 |
_aInside deaf culture / _cCarol Padden, Tom Humphries. |
| 260 |
_aCambridge, Mass. : _bHarvard University Press, _c2005. |
||
| 300 |
_a208 p. ; _c22 cm. |
||
| 504 | _aIncludes bibliographical references (p. 183-195) and index. | ||
| 590 | _aIncludes bibliographical references and index. | ||
| 650 | 0 |
_aDeaf _zUnited States _xSocial conditions. |
|
| 650 | 0 |
_aDeaf _zUnited States _xHistory. |
|
| 650 | 0 |
_aAmerican Sign Language _xHistory. |
|
| 700 | 1 |
_aHumphries, Tom _q(Tom L.) |
|
| 001 | data | ||
| 999 |
_c258 _d258 |
||